000 00857nam a22002417a 4500
999 _c160988
_d160988
005 20190218161007.0
008 190218b ||||| |||| 00| 0 eng d
010 _aB-713081
020 _a9789382618348
_c450.00
035 _aB-713081
037 _bPansy Books
040 _adpl
_bhn
050 _aN
082 _aN
100 _aAmish
245 _aThe oath of the Vayuputras/
_cby Amish
260 _aChennai
_bWestland Publications
_c2018
270 _a61, 2nd Floor, Silveline Building, Alapakkam Main Road, Maduravoyal,
_bChennai
_e6000095
300 _axxiii, 575p
_c20cm(pbk)
490 _aShiva Trilogy 3
942 _2ddc
_cEN
_hN
_mAMI